| 000 | 00659nam a22002057a 4500 | ||
|---|---|---|---|
| 005 | 20260428121919.0 | ||
| 010 | _aENG-147120 | ||
| 020 |
_a9788196078096 _c150.00 |
||
| 035 | _aEN-130652 | ||
| 037 | _bDBAD | ||
| 082 |
_a551.6 _21 |
||
| 245 |
_aClimate Change & Biodiversity/ _cEdited by Silvy Mathew; Jisha K and Rekha K |
||
| 260 |
_aKerala _bVimala College Publications _c2023 |
||
| 270 |
_aVimala College (Autonomous), Thrissur _bKerala _e680009 |
||
| 300 |
_a310 p. _c25cm(pb) |
||
| 700 |
_aMathew, Silvy _eEditor _956915 |
||
| 700 |
_aK, Jisha _eEditor _957252 |
||
| 700 |
_aRekha K _eEditor _957253 |
||
| 942 |
_2ddc _cEN _h551.6 _mCLI |
||
| 999 |
_c213792 _d213792 |
||